Κύπρος : έξι φωτογραφικά ταξίδια = Cyprus : Six Photographic Journeys / Coord. del Ministerios de Educación y Cultura de Chipre ; fotógrafos A. Karamanghioli, M. Politopoulos, P. Rivellis, A. Kentonis, M. Pittas, A. Vassiliou ; presen. de N. Panayiotou, N. Stylianou

Ensayo fotográfico sobre Chipre, impulsado por el Ministerio de Educación y Cultura del país, para lo cual invitó a tres creadores locales y tres griegos, quienes registraron sus imágenes a lo largo de seis días de 1997.

Guardat en:
Dades bibliogràfiques
Autor corporatiu: Chipre. Ministerio de Educación y Cultura (coordinación)
Altres autors: Karamanghioli, Athena (fotógrafo) (fotógrafo), Politopoulos, Michalis (fotógrafo) (fotógrafo), Rivellis, Platon (fotógrafo) (fotógrafo), Kentonis, Achilleas (fotógrafo) (fotógrafo), Pittas, Menelaos (fotógrafo) (fotógrafo), Vassiliou, Andreas (fotógrafo) (fotógrafo), Panayiotou, Nicos (presentación) (presentación), Stylianou, Nadia (presentación) (presentación)
Format: Llibre
Idioma:espanyol
Publicat: Nicosia, Chipre : Ministerio de Educación y Cultura, 1998, c1998
Matèries:
Etiquetes: Afegir etiqueta
Sense etiquetes, Sigues el primer a etiquetar aquest registre!

MARC

LEADER 00000nam^a2200000^a^4500
001 000442421
005 20250526000000.0
008 220527
009 20260310123425.942
020 |a 960-7404-42-4 
037 |a Acervo ITESO - Biblioteca 
041 |a ESP 
082 |a 956. 93  |b CHI 
110 |a Chipre.  |b Ministerio de Educación y Cultura  |e (coordinación) 
245 1 0 |a Κύπρος :  |b έξι φωτογραφικά ταξίδια = Cyprus : Six Photographic Journeys / Coord. del Ministerios de Educación y Cultura de Chipre ; fotógrafos A. Karamanghioli, M. Politopoulos, P. Rivellis, A. Kentonis, M. Pittas, A. Vassiliou ; presen. de N. Panayiotou, N. Stylianou 
264 4 |a Nicosia, Chipre :  |b Ministerio de Educación y Cultura,  |c 1998, c1998 
300 |a 125 p. ;  |c 33.0 cm. 
336 |a texto  |b txt  |2 rdacontenido 
337 |a sin mediación  |b n  |2 rdamedio 
338 |a volumen  |b nc  |2 rdasoporte 
520 |a Ensayo fotográfico sobre Chipre, impulsado por el Ministerio de Educación y Cultura del país, para lo cual invitó a tres creadores locales y tres griegos, quienes registraron sus imágenes a lo largo de seis días de 1997. 
546 |a Edición bilingüe griego-inglés 
649 |a XX 
650 |a Fotógrafos Chipriotas 
650 |a Fotógrafos Griegos 
650 |a Artistas Chipriotas 
650 |a Artistas Griegos 
650 |a Vida Cotidiana -  |z Chipre 
650 |a Fotografía Arquitectónica -  |z Chipre 
650 |a Fotografía de la Naturaleza -  |z Chipre 
650 |a Fotografía Griega -  |x Tema Principal 
650 |a Fotografía Griega -  |x Historia y Crítica 
650 |a Fotografía Griega -  |y 1990-1999 
650 |a Fotografía Griega -  |y Siglo XX 
650 |a Fotografía Chipriota -  |x Tema Principal 
650 |a Fotografía Chipriota -  |x Historia y Crítica 
650 |a Fotografía Chipriota -  |y 1990-1999 
650 |a Fotografía Chipriota -  |y Siglo XX 
650 |a Arte Griego -  |x Historia y Crítica 
650 |a Arte Griego -  |y 1990-1999 
650 |a Arte Griego -  |y Siglo XX 
650 |a Arte Chipriota -  |x Historia y Crítica 
650 |a Arte Chipriota -  |y 1990-1999 
650 |a Arte Chipriota -  |y Siglo XX 
650 |a Chipre -  |x Fotografías -  |x Tema Principal 
650 |a Chipre -  |x Descripción 
700 |a Karamanghioli, Athena  |e (fotógrafo) 
700 |a Politopoulos, Michalis  |e (fotógrafo) 
700 |a Rivellis, Platon  |e (fotógrafo) 
700 |a Kentonis, Achilleas  |e (fotógrafo) 
700 |a Pittas, Menelaos  |e (fotógrafo) 
700 |a Vassiliou, Andreas  |e (fotógrafo) 
700 |a Panayiotou, Nicos  |e (presentación) 
700 |a Stylianou, Nadia  |e (presentación) 
910 |a Fondo Pedro Valtierra 
920 |a Impresos - Libros 
930 |a Libros Antiguos y Raros 
905 |a 129 
901 |a 0500365189  |b IT2  |c LRA  |i D  |u 20250526 
902 |a https://opac.biblio.iteso.mx/vufind/Record/000442421